00626nam a2200229Ia 450000500170000000800410001702000150005808200210007324500230009426000340011730000120015165000100016365000130017365000190018665000220020565000200022765000110024770000200025894200060027895200970028499900150038120250217034406.0240331s9999 xx 000 0 und d a9539674441 bKNE25995a305.4 0aWomen and Politics aZagrebbZenska Infotekac1998 a122 p., aWomen aPolitics aCentral Europe aWomen in Politics aLegal Framework aGender aKnežević, D cL 001040708LaWERCLbWERCLcSSCd2024-03-31l0o 305.4 WOMp5995r2024-03-31w2024-03-31yL c3729d3729